| 000 | nam a22 a 4500 | ||
|---|---|---|---|
| 999 |
_c4470 _d4470 |
||
| 003 | AKMAL | ||
| 005 | 20170530112326.0 | ||
| 008 | 170530s1997 my l 00 eng d | ||
| 020 |
_a9678908778 (pbk.): _cRM 25.00 |
||
| 040 | _cAKMAL | ||
| 082 | 0 | 4 |
_a344.5950472 POI _221 |
| 090 | 0 | 0 |
_a344.5950472 _bPOI |
| 110 | 1 |
_aMalaysia _9400 |
|
| 240 | 1 | 0 |
_aAkta Racun, 1952. _lEnglish |
| 245 | 1 | 0 |
_aPoisons Act 1952 (Act 366) & Poisons Regulations 1952, Poisons (Fees) Regulations 1983, Control of Drugs and Cosmetics Regulations 1984, Poisons (Psychotropic Substances) Regulations 1989 : _bas at 1st August 1997 / _ccompiled by Legal Research Board |
| 260 |
_aKuala Lumpur : _bInternational Law Book Services, _c1997 |
||
| 300 | 0 | 0 |
_aii, 177p. ; _c24cm |
| 440 | 0 |
_aLaws of Malaysia _91830 |
|
| 650 | 0 |
_aPoisons _xLaw and legislation _zMalaysia _98660 |
|
| 650 | 0 |
_aDrugs _xLaw and legislation _zMalaysia _92109 |
|
| 650 | 0 |
_aCosmetics _xLaw and legislation _zMalaysia _98661 |
|
| 740 | 0 | 2 | _aControl of Drugs and Cosmetics Regulations 1984 |
| 740 | 0 | 2 | _aPoisons (Fees) regulations 1983 |
| 740 | 0 | 2 | _aPoisons Regulations 1952 |
| 942 |
_2ddc _cBOOK |
||